Missing Word: Directed by Peter Quiz Stats

 Plays Quiz Updated Sep 22, 2019

Score 0/20 Timer 06:00
1 Play Today
Director Missing word % Correct
Peter WeirSociety
96.7%
Peter BergNight
96%
Peter WeirShow
94.6%
Peter BogdanovichDoc
88.4%
Peter JacksonKong
87.2%
Peter JacksonBones
84.5%
Peter BogdanovichPicture
73.7%
Peter WeirDangerously
72.4%
Peter HewittMovie
69.2%
Peter JacksonDesolation
67.2%
Director Missing word % Correct
Peter BogdanovichMoon
66.6%
Peter BergLone
65%
Peter YatesMan
58.4%
Peter BergHorizon
56.9%
Peter HewittBogus
47%
Peter BergDay
42.9%
Peter JacksonHeavenly
41.2%
Peter YatesAway
40.1%
Peter YatesMother
34.5%
Peter HewittMaiden
5.9%

Today's Daily Dose

Missing Word
1940s A-Z

Quick Pick
'S' Athletes

Get the Picture
Depp or Bonham Carter

You're not logged in!

Compare scores with friends on all Sporcle quizzes.
OR
Log In

Sporcle TV

Today on Sporcle TV


Watch our educational content, quiz creation guides, and fun videos on Sporcle TV.

Show Comments

Extras

Top Quizzes Today


Score Distribution

Your Account Isn't Verified!

In order to create a playlist on Sporcle, you need to verify the email address you used during registration. Go to your Sporcle Settings to finish the process.

Report this User

Report this user for behavior that violates our Community Guidelines.

Details: